Normal view MARC view
  • G. Head and Co.

Entry Corporate Name

Number of records used in: 1

001 - CONTROL NUMBER

  • control field: 5438

003 - CONTROL NUMBER IDENTIFIER

  • control field: SIRSI

005 - DATE AND TIME OF LATEST TRANSACTION

  • control field: 20190806150243.0

008 - FIXED-LENGTH DATA ELEMENTS

  • fixed length control field: 071102n| acannaabn |n ana d

040 ## - CATALOGING SOURCE

  • Original cataloging agency: OSt
  • Transcribing agency: OSt

110 2# - HEADING--CORPORATE NAME

  • Corporate name or jurisdiction name as entry element: G. Head and Co.

670 ## - SOURCE DATA FOUND

  • Source citation: Particulars and conditions of sale of a leasehold dwelling house being no. 1 Clifton Place, Sussex Square...which will be sold by auction by Mr J. Furber (in conjunction with Messrs. G. Head and Co.) at the Auction Mart, Tokenhouse Yard on Thursday June 9th 1870..., [1870]